Statistics for Last Names #6

Click here to take the quiz!

General Stats

  • This quiz has been taken 167 times
  • The average score is 12 of 14

Answer Stats

First NamesLast name% Correct
Tito, Andrew, Samuel LJackson
98%
Dwayne, Dakota, Lyndon BJohnson
98%
Will, Jaden, WillowSmith
98%
Owen, Luke, WoodrowWilson
98%
Katie, Sherlock, LarryHolmes
97%
Bart, Lisa, AshleySimpson
95%
Sharon, Kelly, OzzyOsbourne
94%
Michelle, Pharrell, RobbieWilliams
90%
Felicity, Quincy, James EarlJones
86%
Roger, Michael, Dudley, MandyMoore
84%
Jimmy, Helena Bonham, LyndaCarter
78%
Ginger, Fred, KennyRogers
67%
Carroll, Stephen, RodneyKing
56%
Helen, Kristin Scott, Philip MichaelThomas
54%

Score Distribution

Percentile by Number Answered

Percent of People with Each Score

Your Score History

You have not taken this quiz